|
|
|
|
| LEADER |
02541nta a2200241 i 4500 |
| 001 |
dolg17753 |
| 005 |
20210614185643.0 |
| 008 |
181009suuuu hu om 0|| hun d |
| 040 |
|
|
|a PEREPO DOLGOZAT
|b hun
|
| 041 |
|
|
|a hun
|
| 100 |
1 |
|
|a Bécs Tibor
|
| 245 |
1 |
2 |
|a A "Mould-Tech" Kft. költséggazdálkodásának átfogó vizsgálata
|h [elektronikus dokumentum] /
|c Tibor Bécs
|
| 520 |
3 |
|
|a Szakdolgozatom témájának a költséggazdálkodás témakörét választottam, mivel véleményem szerint ez nagyon fontos, a jelenleg működő és a jövőben alakuló vállalkozások életében. A költségekkel való gazdálkodás sosem veszti el aktualitását. Kiindulva a társaságok létrehozásának fő céljaiból, miszerint profitot érjenek el a legkisebb költség ráfordítással. Ennek pedig egyik alappillére a költségekkel való helyes gazdálkodás. A gyakorlatomat a zalaegerszegi telephelyű MouldTech Kft-nél töltöttem, ami egy szerszámkészítéssel és fémmegmunkálással foglalkozó cég. A dolgozatomat e vállalat bemutatásával, tevékenységi körének leírásával kezdtem. Majd áttértem a fő témámra, a költségekre, itt részleteztem a költségekkel kapcsolatos alapfogalmakat, a költséggazdálkodás fontosabb módszereit. A költségeknél maradva leírtam a vállalatra jellemző költségelszámolást és összegyűjtöttem, hogy a cég miként bontja meg költség számláit. Utána az önköltségszámítás rövid elméleti áttekintése következett, majd bemutattam a vállalat által használt árkalkulációs folyamat fontosabb munkafázisait. Ezután vázoltam egy gyakorlati példán keresztül az önköltségszámítás lépéseit, megállapítottam a projekt eredményhányadát és költséghányadát. Majd végezetül röviden bemutattam a vállalat pénzügyi és jövedelmezőségi helyzetét. A dolgozatomat összefoglalással és a javaslataim megtételével zártam, amelyben arra jutottam, hogy fontos a vállalatok számára tudni azt mennyibe is került egy általa gyártott szerszám önköltségen.
|
| 695 |
|
|
|a költség
|
| 695 |
|
|
|a költséggazdálkodás
|
| 695 |
|
|
|a költségszámítás - költségtervezés
|
| 695 |
|
|
|a Mould Tech Kft. (Zalaegerszeg)
|
| 695 |
|
|
|a önköltség
|
| 695 |
|
|
|a önköltségszámítás
|
| 695 |
|
|
|a számvitel - könyvvitel
|
| 695 |
|
|
|a Zalaegerszeg (Zala)
|
| 700 |
2 |
|
|a Deákné Gál Anikó
|e ths
|
| 856 |
4 |
0 |
|u https://perepo-dolgozat.uni-pannon.hu/id/eprint/17753/1/11104_b%C3%A9cs_tibor_2014jan_titkos.pdf
|z Dokumentum-elérés
|